Misterio del pecado y del perdón, El / [por] M. J. Taylor... [et. al.] ; tr. por José Ma. Ruiz, S.J.

Guardado en:
Bibliografiske detaljer
Hovedforfatter: Taylor, M. J. (autor)
Format: Bog
Serier:Col. "Teología y Mundo Actual" (32)
Fag:
Tags: Tilføj Tag
Ingen Tags, Vær først til at tagge denne postø!

MARC

LEADER 00000nam^a2200000^u^4500
001 000544954
005 20250521000000.0
008 060220s1000^^^^^^^^^^^^r^^^^^000^0^spa^d
009 20260310131339.273
035 |a FMI 000014276 
037 |a Acervo Xavier Clavigero 
096 |a 5.3.6/8/C 
100 |a Taylor, M. J.  |e (autor) 
245 1 0 |a Misterio del pecado y del perdón, El / [por] M. J. Taylor... [et. al.] ; tr. por José Ma. Ruiz, S.J. 
264 |a Santander : Sal Terrae, 1972 
300 |a 291 p. 
336 |a texto  |b txt  |2 rdacontenido 
337 |a sin mediación  |b n  |2 rdamedio 
338 |a volumen  |b nc  |2 rdasoporte 
440 0 |a Col. "Teología y Mundo Actual" (32) 
597 |a Trad. del inglés ("The mystery of sin and forgiveness"). 
649 |a XX 
650 |a SOTEROLOGIA 
910 |a Fondo Francisco Migoya Covarrubias S.J. 
920 |a Impresos - Libros 
930 |a Fondos Especiales 
905 |a 134 
901 |a SBC03523  |b IT2  |c ESP  |u 20250521 
902 |a https://opac.biblio.iteso.mx/vufind/Record/000544954